|
|
|
|
| LEADER |
00694nab a2200181 i 4500 |
| 001 |
acta6205 |
| 005 |
20210525112206.0 |
| 008 |
161015s1935 hu o 0|| hun d |
| 022 |
|
|
|a 0324-5616
|
| 040 |
|
|
|a SZTE Egyetemi Kiadványok Repozitórium
|b hun
|
| 041 |
|
|
|a hun
|
| 100 |
1 |
|
|a Finkely Ferenc
|
| 245 |
1 |
0 |
|a Bírói függetlenség-betü [betű]-zsarnokság
|h [elektronikus dokumentum] /
|c Finkely Ferenc
|
| 260 |
|
|
|c 1935
|
| 300 |
|
|
|a 201-222
|
| 490 |
0 |
|
|a Acta Litterarum ac Scientiarum Regiae Universitatis Hungaricae Francisco-Josephinae : sectio juridico-politica
|v 7 No. 1
|
| 695 |
|
|
|a Jogtudomány
|
| 856 |
4 |
0 |
|u http://acta.bibl.u-szeged.hu/6205/1/juridpol_007_fasc_1_201-222.pdf
|z Dokumentum-elérés
|